000 00414nam a2200169Ia 4500
003 LK-CoDNM
005 20240913094957.0
008 010623t1922 xxu||||| |||| 00| 1 eng d
040 _aLK-CoDNM
_dLK-CoDNM
_eLK-CoDNM
041 _aeng
080 _a14
_bB38
100 _aWoolf,Bella Sidney.
245 _aEastern Star-Dust
260 _bTimes of Ceylon
_aColo
_c1922
300 _bx, 77p. : 16 cm
942 _cBK
999 _c90957
_d90957